| 000 | 01366nam a2200421 i 4500 | ||
|---|---|---|---|
| 001 | 43443 | ||
| 003 | KOSZ 005 | ||
| 005 | 20200605104034.0 | ||
| 008 | 040218s2003 pl a f f |001 0 pol | ||
| 015 | _aPB 2004/4485 | ||
| 020 | _a8391865770 | ||
| 035 | _a991022472439705066 | ||
| 035 | _a(PL-WaBN)b16059621-48omnis_nlop | ||
| 035 | _ab16059621 | ||
| 035 | _a(OCoLC)69551260 | ||
| 035 | _a(PL)b0000001605962 | ||
| 035 | _a(EXLNZ-48OMNIS_NETWORK)9910193636305606 | ||
| 040 |
_aWA N _cWA N _dKOSZ 005/HR |
||
| 041 | 0 | _apol | |
| 046 | _k2003 | ||
| 080 | _a664 | ||
| 080 | _a661.7 | ||
| 100 | 1 |
_aRutkowski, Antoni _d(1930-2018) _eAutor |
|
| 245 | 1 | 0 |
_aKompendium dodatków do żywności / _cA. Rutkowski, S. Gwiazda, K. Dąbrowski. |
| 260 |
_aKonin : _b"Hortimex" : _b"Trans-Druk", _c2003. |
||
| 300 |
_a558 s. : _btab. ; _c21 cm. |
||
| 380 | _aKsiążki | ||
| 388 | _a2001- | ||
| 504 | _aBibliogr. s. 551-554. Indeksy. | ||
| 655 | 7 |
_aInformator _2DBN |
|
| 658 | _aInżynieria i technika | ||
| 650 | 7 |
_aSubstancje dodatkowe do żywności _2DBN |
|
| 700 | 1 |
_aDąbrowski, Kazimierz _c(technologia żywności) _eAutor |
|
| 700 | 1 |
_aGwiazda, Stanisław _eAutor |
|
| 856 |
_uhttp://koha.tu.koszalin.pl/cgi-bin/koha/opac-detail.pl?biblionumber=43443 _yKatalog online BPK |
||
| 942 |
_2UKD _cKS |
||
| 999 |
_c43443 _d43443 |
||